000 00432nam a22001817a 4500
003 MPLRDC
005 20220104171003.0
008 210129b ||||| |||| 00| 0 eng d
020 _a1-4000-3003-X
082 _a785.28 CLI
100 _aBILL CLINTON
245 _aMY LIFE
_c
250 _aFIRST EDITION
260 _a
_bVINTAGE BOOKS
_c2005
300 _b969
650 _a美国传记--BILL CLINTON
942 _cBK
_o785.28 CLI
999 _c58228
_d58218